[Event "35th T-ch GR"]
[Site "Ermioni"]
[Date "2006.07.07"]
[Round "4.3"]
[White "Wojtaszek, Radoslaw"]
[Black "Azmaiparashvili, Zurab"]
[Result "1/2-1/2"]
[WhiteElo "2622"]
[BlackElo "2669"]
[PlyCount "48"]
[EventDate "2006.07.??"]
[Source "www.chesslib.no"]
[SourceDate "2004.05.04"]

1. d4 d5 2. Nf3 Nf6 3. c4 e6 4. Nc3 Be7 5. cxd5 exd5 6. Bg5 c6 7. Qc2 g6 8. e3 Bf5 9. Bd3 Bxd3 10. Qxd3 Nbd7 11. Bh6 Bd6 12. h3 Qe7 13. Nd2 Nf8 14. Bg7 Rg8 15. Bxf6 Qxf6 16. e4 dxe4 17. Ndxe4 Qe7 18. O-O O-O-O 19. d5 Kb8 20. Rfd1 Be5 21. Qc4 Rc8 22. dxc6 Rxc6 23. Qd5 Bxc3 24. Nxc3 Ne6 1/2-1/2

[Event "Tallinn/Paernu 73/463"]
[Site "?"]
[Date "1998.??.??"]
[Round "?"]
[White "Lautier, Joel"]
[Black "Oll, Lembit"]
[Result "1-0"]
[WhiteElo "2645"]
[BlackElo "2645"]
[PlyCount "85"]
[EventDate "1998.??.??"]
[Source "ChessBase"]
[SourceDate "1998.06.01"]

1. d4 d5 2. c4 e6 3. Nc3 Nf6 4. cxd5 exd5 5. Bg5 c6 6. e3 Be7 7. Bd3 Nbd7 8. Nge2 O-O 9. Qc2 Re8 10. O-O Nf8 11. f3 Be6 12. Rad1 Rc8 13. Kh1 h6 14. Bh4 a6 15. Nf4 Bd7 16. Bf2 Bd6 17. Qd2 Qc7 18. Bg1 b5 19. Bb1 Rcd8 20. Rc1 Qb8 21. Nce2 b4 22. Nd3 Ne6 23. Bf2 a5 24. Bg3 Rc8 25. Nc5 Nxc5 26. Rxc5 Re7 27. Bxd6 Qxd6 28. Ng3 Rce8 29. Re1 Qf4 30. Ne4 Nxe4 31. fxe4 Qd6 32. Rxa5 dxe4 33. Rc5 Re5 34. Rec1 Rxc5 35. Rxc5 f5 36. g3 g5 37. Qxb4 Be6 38. Bc2 Bd5 39. Bb3 f4 40. Qb6 Bxb3 41. Rxc6 Qf8 42. Qxb3+ Kh8 43. Qb6 1-0

[Event "Munich SKA"]
[Site "Munich"]
[Date "1994.??.??"]
[Round "4"]
[White "Bareev, Evgeny"]
[Black "Van der Sterren, Paul"]
[Result "1-0"]
[WhiteElo "2685"]
[BlackElo "2605"]
[PlyCount "65"]
[EventDate "1994.05.??"]
[Source "ChessBase"]

1. c4 e6 2. Nc3 d5 3. d4 Nf6 4. cxd5 exd5 5. Bg5 c6 6. Qc2 Be7 7. e3 Nbd7 8. Bd3 Nh5 9. Bxe7 Qxe7 10. O-O-O g6 11. Kb1 Nb6 12. Nge2 Bd7 13. Ka1 Ng7 14. h4 Bf5 15. Nf4 O-O-O 16. Na4 Nxa4 17. Qxa4 Kb8 18. g3 h6 19. Qc2 Be4 20. Bxe4 dxe4 21. d5 g5 22. hxg5 hxg5 23. Rxh8 Rxh8 24. Ne2 cxd5 25. Nc3 Rc8 26. Rxd5 g4 27. Qd1 Qf6 28. Rd7 Ne8 29. Qd5 Nc7 30. Qxf7 Qc6 31. Rd1 Nb5 32. Qf4+ Ka8 33. Qxe4 1-0

[Event "Cannes m"]
[Site "Cannes"]
[Date "2000.02.23"]
[Round "1"]
[White "Bacrot, Etienne"]
[Black "Karpov, Anatoly"]
[Result "1/2-1/2"]
[WhiteElo "2594"]
[BlackElo "2696"]
[PlyCount "91"]
[EventDate "2000.02.23"]
[Source "ChessBase"]
[SourceDate "2000.05.31"]

1. d4 Nf6 2. c4 e6 3. Nc3 d5 4. cxd5 exd5 5. Bg5 Be7 6. e3 c6 7. Qc2 Nbd7 8. Bd3 O-O 9. Nf3 Re8 10. O-O-O Nf8 11. h4 Be6 12. Kb1 Rc8 13. Ka1 a6 14. Qb1 b5 15. Rc1 h6 16. Bf4 c5 17. dxc5 Bxc5 18. Nd4 Bd7 19. f3 Qb6 20. Rhd1 Bxd4 21. exd4 b4 22. Ne2 Bb5 23. Rxc8 Rxc8 24. g4 Re8 25. Nc1 h5 26. g5 N6d7 27. Bf5 Ng6 28. Bxg6 Qxg6 29. Qxg6 fxg6 30. Bd2 a5 31. Nb3 a4 32. Nc5 b3 33. Re1 Rxe1+ 34. Bxe1 Nxc5 35. dxc5 Bd3 36. axb3 axb3 37. c6 Kf7 38. c7 Bf5 39. Bc3 Ke7 40. c8=Q Bxc8 41. Kb1 Ke6 42. Kc1 Kf5 43. Kd2 Kf4 44. Ke2 Kg3 45. Be1+ Kg2 46. Ke3 1/2-1/2

[Event "08 Tilburg"]
[Site "08 Tilburg"]
[Date "1986.??.??"]
[Round "?"]
[White "Timman, Jan H"]
[Black "Jussupow, Artur M"]
[Result "1/2-1/2"]
[WhiteElo "2645"]
[BlackElo "2645"]
[PlyCount "66"]
[EventDate "1986.??.??"]
[Source "www.chesslib.no"]
[SourceDate "2004.05.04"]

1. d4 d5 2. c4 e6 3. Nc3 Nf6 4. cxd5 exd5 5. Bg5 Be7 6. e3 Nbd7 7. Qc2 O-O 8. Bd3 Re8 9. Nf3 Nf8 10. O-O c6 11. Rae1 Ne4 12. Bxe7 Qxe7 13. Bxe4 dxe4 14. Nd2 f5 15. f3 exf3 16. Nxf3 Be6 17. e4 fxe4 18. Rxe4 h6 19. Ne2 Qb4 20. a3 Qb3 21. Qd2 Bd5 22. Rxe8 Rxe8 23. Ne5 Ne6 24. Nc3 Qb6 25. Nxd5 cxd5 26. Nf3 Nf8 27. Qf2 Ng6 28. Nh4 Nxh4 29. Qf7+ Kh7 30. Qxe8 Qxb2 31. Rf2 Qa1+ 32. Rf1 Qb2 33. Rf2 Qa1+ 1/2-1/2

[Event "TCh-FRA, Bischwiller FRA"]
[Site "?"]
[Date "2001.??.??"]
[Round "3"]
[White "Khenkin, I."]
[Black "Georgiev, Ki"]
[Result "1/2-1/2"]
[WhiteElo "2610"]
[BlackElo "2675"]
[PlyCount "25"]
[EventDate "2001.??.??"]
[Source "www.chesslib.no"]
[SourceDate "2004.05.04"]

1. d4 Nf6 2. c4 e6 3. Nf3 d5 4. Nc3 Be7 5. Qc2 O-O 6. Bg5 Nbd7 7. cxd5 exd5 8. e3 Re8 9. Bd3 Nf8 10. O-O c6 11. h3 Be6 12. Rab1 Rc8 13. Rfc1 1/2-1/2

[Event "Fouesnant"]
[Site "?"]
[Date "2002.04.28"]
[Round "2.2"]
[White "Bacrot Etienne"]
[Black "Tregubov Pavel V"]
[Result "1-0"]
[WhiteElo "2653"]
[BlackElo "2627"]
[PlyCount "103"]
[EventDate "2002.??.??"]
[Source "www.chesslib.no"]
[SourceDate "2004.05.04"]

1. d4 d5 2. c4 e6 3. Nc3 Be7 4. Nf3 Nf6 5. Qc2 O-O 6. cxd5 exd5 7. Bg5 c6 8. e3 Nbd7 9. Bd3 Re8 10. O-O Nf8 11. h3 Be6 12. Rab1 Ne4 13. Bxe7 Qxe7 14. Bxe4 dxe4 15. Qxe4 Ng6 16. Ne5 Qf6 17. Ng4 Qe7 18. Qf3 Rad8 19. Rfe1 Rd6 20. Qg3 Bxg4 21. hxg4 Nf8 22. f3 Rg6 23. Qf2 Ne6 24. Ne4 Ng5 25. Ng3 Qd8 26. e4 Rd6 27. Nf5 Rd7 28. e5 Ne6 29. Rbd1 Nf4 30. Re4 Nd5 31. Rde1 Re6 32. f4 h6 33. a3 a5 34. Nxg7 Kxg7 35. f5 Re8 36. f6+ Kg8 37. g5 Re6 38. Qg3 h5 39. g6 Qf8 40. gxf7+ Kxf7 41. Qg5 Ke8 42. Qxh5+ Kd8 43. g4 Qf7 44. Qxf7 Rxf7 45. g5 Rf8 46. Kf2 Rg8 47. Rg1 Ke8 48. Rh4 Kf8 49. Rh7 c5 50. Rxb7 cxd4 51. g6 Nxf6 52. g7+ 1-0

[Event "Pula"]
[Site "?"]
[Date "1997.??.??"]
[Round "?"]
[White "Krasenkow, M."]
[Black "Jussupow, A."]
[Result "1/2-1/2"]
[WhiteElo "2615"]
[BlackElo "2665"]
[PlyCount "53"]
[EventDate "1997.??.??"]
[Source "ChessBase"]
[SourceDate "1997.02.01"]

1. Nf3 d5 2. d4 Nf6 3. c4 e6 4. Nc3 Nbd7 5. Bg5 c6 6. cxd5 exd5 7. e3 Be7 8. Qc2 O-O 9. Bd3 Re8 10. h3 Nf8 11. Bf4 Be6 12. O-O Rc8 13. Na4 Bd6 14. Ne5 Rc7 15. Rab1 Ng6 16. Bh2 Bc8 17. Qc3 Ne4 18. Bxe4 dxe4 19. Nc5 Nxe5 20. dxe5 Bxc5 21. Qxc5 Be6 22. Rbd1 Rd7 23. Rd6 Qb6 24. Qa3 a5 25. Rfd1 Rxd6 26. exd6 Qb4 27. Qxb4 1/2-1/2

[Event "Amsterdam"]
[Site "?"]
[Date "1994.??.??"]
[Round "?"]
[White "Sokolov, I."]
[Black "Yusupov, A."]
[Result "1/2-1/2"]
[WhiteElo "2625"]
[BlackElo "2655"]
[PlyCount "99"]
[EventDate "1994.??.??"]
[Source "ChessBase"]
[SourceDate "1994.06.01"]

1. d4 Nf6 2. c4 e6 3. Nc3 d5 4. cxd5 exd5 5. Bg5 Be7 6. e3 O-O 7. Bd3 Nbd7 8. Qc2 Re8 9. Nf3 Nf8 10. O-O c6 11. h3 Be6 12. Rab1 N6d7 13. Bf4 Nb6 14. Na4 Nxa4 15. Qxa4 Ng6 16. Bh2 Bd6 17. Ne5 Qf6 18. Qc2 Nxe5 19. dxe5 Bxe5 20. Bxh7+ Kh8 21. Bxe5 Qxe5 22. Bd3 Rac8 23. Qa4 c5 24. Qxa7 c4 25. f4 Ra8 26. Qb6 Qf6 27. Bc2 Rxa2 28. Qxb7 c3 29. Qb5 Rd8 30. Qb6 Rxb2 31. Rxb2 cxb2 32. Rb1 d4 33. Qxb2 Qh4 34. f5 Bc4 35. exd4 Rxd4 36. Qb8+ Rd8 37. Qe5 f6 38. Qe3 Bf7 39. Kh2 Re8 40. Qg3 Qxg3+ 41. Kxg3 Bd5 42. Ba4 Re2 43. Rb8+ Kh7 44. Be8 Rxg2+ 45. Kh4 Rg5 46. Bg6+ Rxg6 47. fxg6+ Kxg6 48. Rb5 Be6 49. Kg3 Bd7 50. Rb8 1/2-1/2

[Event "Dortmund"]
[Site "?"]
[Date "1994.??.??"]
[Round "?"]
[White "Kortchnoi, V."]
[Black "Yusupov, A."]
[Result "1/2-1/2"]
[WhiteElo "2615"]
[BlackElo "2665"]
[PlyCount "96"]
[EventDate "1994.??.??"]
[Source "ChessBase"]
[SourceDate "1994.06.01"]

1. d4 d5 2. c4 c6 3. Nf3 Nf6 4. Nc3 e6 5. Bg5 Nbd7 6. cxd5 exd5 7. e3 Be7 8. Bd3 O-O 9. Qc2 Re8 10. O-O-O Nf8 11. Bxf6 Bxf6 12. h3 Be6 13. Kb1 Rc8 14. g4 b5 15. Ne2 Qb6 16. Rc1 Be7 17. Nf4 c5 18. dxc5 Rxc5 19. Qe2 Rec8 20. Rxc5 Rxc5 21. Nd4 b4 22. h4 a5 23. Qd1 Bf6 24. Bc2 Qc7 25. Bb3 Qd6 26. Nh5 Bd8 27. f4 Bd7 28. Nf5 Bxf5+ 29. gxf5 d4 30. e4 d3 31. Rg1 g6 32. Bd5 Rxd5 33. exd5 Qxd5 34. fxg6 hxg6 35. Ng3 Bxh4 36. f5 d2 37. fxg6 Nxg6 38. Ne2 Qd3+ 39. Ka1 Bf6 40. Rg3 Qd6 41. Kb1 a4 42. Kc2 Qc5+ 43. Kxd2 Qd5+ 44. Ke1 Qxa2 45. Rg4 Qxb2 46. Qxa4 Qb1+ 47. Qd1 Qb2 48. Kf1 b3 1/2-1/2

[Event "Interclubs Adultes"]
[Site "Evry FRA"]
[Date "2008.05.30"]
[Round "9.1"]
[White "Jakovenko, Dmitry"]
[Black "Svetushkin, Dmitry"]
[Result "1-0"]
[WhiteElo "2711"]
[BlackElo "2568"]
[PlyCount "69"]
[EventDate "2008.05.29"]
[Source "www.chesslib.no"]
[SourceDate "2004.05.04"]

1. d4 d5 2. c4 c6 3. Nf3 Nf6 4. Nc3 e6 5. Bg5 Nbd7 6. cxd5 exd5 7. e3 Be7 8. Qc2 Nh5 9. Bxe7 Qxe7 10. O-O-O Nhf6 11. Bd3 Nb6 12. h3 Be6 13. Kb1 O-O-O 14. Nd2 Kb8 15. Nb3 Nfd7 16. Rhe1 Rhe8 17. Ne2 Nc8 18. Nf4 Nd6 19. f3 Qf6 20. Nh5 Qh6 21. g4 Nf6 22. Nf4 g5 23. Nxe6 fxe6 24. Qh2 Ka8 25. Qg3 Qg7 26. e4 dxe4 27. fxe4 Nf7 28. Rf1 Re7 29. Nc5 b6 30. Na6 Rc8 31. Rc1 e5 32. Qf3 Nd7 33. Bb5 Nd8 34. d5 Rf7 35. Bxc6+ 1-0